000 00733nam a2200217Ii 4500
003 JO-AjNU
008 230606s9999||||xx |||||||||||||| ||und||
020 _a9953-434-69-7
040 _aJO-AjNU
_beng
_erda
_cJO-AjNU
041 _aeng
050 1 4 _aPJ6307 2003
100 3 _aMakkouk, Mazen,
_eauthor
_92694
245 0 0 _aEASTERN ARABIC A DICTIONARY AND PHRASEBOOK = اللغة العربية الشرفية
250 _a1 ed
264 3 1 _aBeirut-Lebanon: AL-MAAREF Establishment, 2003
300 _a128p
336 _atext
_btxt
_2rdacontent
337 _aunmediated
_bn
_2rdamedia
338 _avolume
_bnc
_2rdacarrier
650 4 _aEASTERN ARABIC A DICTIONARY AND PHRASEBOOK - اللغة العربية الشرفية
_92695
999 _aE1410
_c1410
_d1410